Normal view
MARC view
Entry Topical Term
001 - CONTROL NUMBER
- control field: 16317
003 - CONTROL NUMBER IDENTIFIER
- control field: ARRUPE
005 - DATE AND TIME OF LATEST TRANSACTION
- control field: 20150312174611.0
008 - FIXED-LENGTH DATA ELEMENTS
- fixed length control field: 150312|| aca||aabn | a|a d
040 ## - CATALOGING SOURCE
- Original cataloging agency: ARRUPE
- Transcribing agency: ARRUPE
150 ## - HEADING--TOPICAL TERM
- Topical term or geographic name as entry element: Ndebele (African people)
- General subdivision: Funeral rites
670 ## - SOURCE DATA FOUND
- Source citation: Work cat.: (ARRUPE)122051: Ndlovu, Innocent. 15137, Culture and Christianity :, 2013